| 000 | 01201cam a22003134a 4500 | ||
|---|---|---|---|
| 001 | 13890916 | ||
| 005 | 20160503143158.0 | ||
| 008 | 050307s2006 njua b 001 0 eng | ||
| 010 | _a 2005045881 | ||
| 020 | _a0131963260 | ||
| 035 | _a(OCoLC)ocm58478437 | ||
| 040 |
_aDLC _cDLC _dYDX _dBAKER _dNLGGC _dDLC |
||
| 042 | _apcc | ||
| 050 | 0 | 0 |
_aTA168 _b.B58 2006 |
| 082 | 0 | 0 |
_a620.0011 _222 _bBLA |
| 100 | 1 |
_aBlanchard, Benjamin S. _93796 |
|
| 245 | 1 | 0 |
_aSystems engineering and analysis / _cBenjamin S. Blanchard, Wolter J. Fabrycky. |
| 250 |
_a4th ed. _bInternational ed. |
||
| 260 |
_aUpper Saddle River, N.J. : _bPearson Prentice Hall, _cc2006. |
||
| 300 |
_axii, 804 p. : _bill. ; _c25 cm. |
||
| 440 | 0 |
_aPrentice-Hall international series in industrial and systems engineering _93797 |
|
| 500 | _aIncludes Index. | ||
| 504 | _aIncludes bibliographical references (p. 774-787) and index. | ||
| 650 | 0 |
_aSystem analysis. _93799 |
|
| 650 | 0 |
_93798 _aSystems engineering |
|
| 700 | 1 |
_aFabrycky, W. J. _q(Wolter J.), _d1932- _93800 |
|
| 942 |
_2ddc _cBB |
||
| 999 |
_c11322 _d11322 |
||